<?xml version="1.0" encoding="UTF-8"?>
<record
    xmlns:xsi="http://www.w3.org/2001/XMLSchema-instance"
    xsi:schemaLocation="http://www.loc.gov/MARC21/slim http://www.loc.gov/standards/marcxml/schema/MARC21slim.xsd"
    xmlns="http://www.loc.gov/MARC21/slim">

  <leader>01533nkc a22002657a 4500</leader>
  <controlfield tag="001">85866</controlfield>
  <controlfield tag="005">20260430122315.0</controlfield>
  <controlfield tag="007">kh bo </controlfield>
  <controlfield tag="008">260430s1915    sp ||||| |||| |0| i|spa d</controlfield>
  <datafield tag="040" ind1=" " ind2=" ">
    <subfield code="a">M-RABA</subfield>
    <subfield code="b">spa</subfield>
    <subfield code="c">M-RABA</subfield>
  </datafield>
  <datafield tag="100" ind1="1" ind2=" ">
    <subfield code="a">Roig Villalonga, Juana (</subfield>
    <subfield code="d">1877-1941)</subfield>
    <subfield code="9">42535</subfield>
  </datafield>
  <datafield tag="245" ind1="1" ind2="1">
    <subfield code="a">[Iglesia de San Pedro de la R&#xFA;a</subfield>
    <subfield code="b">: cofres y b&#xE1;culo]</subfield>
    <subfield code="c">/ J. Roig</subfield>
    <subfield code="h">[Material Gr&#xE1;fico]</subfield>
  </datafield>
  <datafield tag="260" ind1=" " ind2=" ">
    <subfield code="a">: Madrid</subfield>
    <subfield code="b">: J. Roig</subfield>
    <subfield code="c">[ca. 1915]</subfield>
  </datafield>
  <datafield tag="300" ind1=" " ind2=" ">
    <subfield code="a">2 fotograf&#xED;as</subfield>
    <subfield code="b">: aristotipo</subfield>
    <subfield code="c">, imagen 15 x 22 cm</subfield>
  </datafield>
  <datafield tag="500" ind1="0" ind2="0">
    <subfield code="a">Conjunto de dos fotograf&#xED;as que muestran diferentes cofres &#xE1;rabes y un b&#xE1;culo conservados en la Iglesia de San Pedro de la R&#xFA;a en Estella, Navarra.</subfield>
  </datafield>
  <datafield tag="500" ind1="0" ind2="0">
    <subfield code="a">Sello a tinta al verso de la fot&#xF3;grafa J. Roig, que se encarg&#xF3; del estudio de J. Laurent entre 1915 y 1930. 
Fecha de las fotograf&#xED;as tomada de los a&#xF1;os en activo de la fot&#xF3;grafa.</subfield>
  </datafield>
  <datafield tag="500" ind1="0" ind2="0">
    <subfield code="a">Originales de J. Laurent conservados en el IPCE:
Fot-840: n&#xBA; inventario VN-01239.
Fot-841: n&#xBA; inventario VN-01240.
</subfield>
  </datafield>
  <datafield tag="651" ind1=" " ind2="7">
    <subfield code="a">Estella (Navarra, Espa&#xF1;a)</subfield>
    <subfield code="9">11143</subfield>
  </datafield>
  <datafield tag="655" ind1=" " ind2="7">
    <subfield code="a">Fotograf&#xED;as de obras de arte</subfield>
    <subfield code="9">75675</subfield>
  </datafield>
  <datafield tag="700" ind1="1" ind2=" ">
    <subfield code="a">Laurent, J. (</subfield>
    <subfield code="d">1816-1886)</subfield>
    <subfield code="9">55737</subfield>
  </datafield>
  <datafield tag="852" ind1=" " ind2=" ">
    <subfield code="j">Fot-840; Fot-841</subfield>
  </datafield>
  <datafield tag="856" ind1=" " ind2=" ">
    <subfield code="u">https://archivoybiblioteca.realacademiabellasartessanfernando.com/cgi-bin/koha/opac-retrieve-file.pl?id=d6df7ac330442336879d5330c7cfdd23</subfield>
    <subfield code="y">Fot-840</subfield>
  </datafield>
  <datafield tag="856" ind1=" " ind2=" ">
    <subfield code="u">https://archivoybiblioteca.realacademiabellasartessanfernando.com/cgi-bin/koha/opac-retrieve-file.pl?id=76bc2fe066cd68246a847ce7e7b4dd58</subfield>
    <subfield code="y">Fot-841</subfield>
  </datafield>
  <datafield tag="942" ind1=" " ind2=" ">
    <subfield code="c">FOTOGRAF&#xCD;A</subfield>
    <subfield code="n">0</subfield>
  </datafield>
  <datafield tag="952" ind1=" " ind2=" ">
    <subfield code="0">0</subfield>
    <subfield code="1">0</subfield>
    <subfield code="2">ddc</subfield>
    <subfield code="4">0</subfield>
    <subfield code="7">0</subfield>
    <subfield code="8">FOTOGRAFIA</subfield>
    <subfield code="a">RABASF</subfield>
    <subfield code="b">RABASF</subfield>
    <subfield code="c">DP2</subfield>
    <subfield code="d">2026-04-30</subfield>
    <subfield code="l">0</subfield>
    <subfield code="o">Fot-840</subfield>
    <subfield code="p">1097180</subfield>
    <subfield code="r">2026-04-30 12:23:38</subfield>
    <subfield code="w">2026-04-30</subfield>
    <subfield code="y">FOTOGRAF&#xCD;A</subfield>
  </datafield>
  <datafield tag="952" ind1=" " ind2=" ">
    <subfield code="0">0</subfield>
    <subfield code="1">0</subfield>
    <subfield code="2">ddc</subfield>
    <subfield code="4">0</subfield>
    <subfield code="7">0</subfield>
    <subfield code="8">FOTOGRAFIA</subfield>
    <subfield code="a">RABASF</subfield>
    <subfield code="b">RABASF</subfield>
    <subfield code="c">DP2</subfield>
    <subfield code="d">2026-04-30</subfield>
    <subfield code="l">0</subfield>
    <subfield code="o">Fot-841</subfield>
    <subfield code="p">1097181</subfield>
    <subfield code="r">2026-04-30 12:23:38</subfield>
    <subfield code="w">2026-04-30</subfield>
    <subfield code="y">FOTOGRAF&#xCD;A</subfield>
  </datafield>
  <datafield tag="999" ind1=" " ind2=" ">
    <subfield code="c">85866</subfield>
    <subfield code="d">85866</subfield>
  </datafield>
</record>
